<?xml version="1.0" encoding="UTF-8"?><?xml-stylesheet type="text/xsl" href="static/style.xsl"?><OAI-PMH xmlns="http://www.openarchives.org/OAI/2.0/" xmlns:xsi="http://www.w3.org/2001/XMLSchema-instance" xsi:schemaLocation="http://www.openarchives.org/OAI/2.0/ http://www.openarchives.org/OAI/2.0/OAI-PMH.xsd"><responseDate>2026-04-17T14:09:30Z</responseDate><request verb="GetRecord" identifier="oai:www.recercat.cat:2072/428867" metadataPrefix="marc">https://recercat.cat/oai/request</request><GetRecord><record><header><identifier>oai:recercat.cat:2072/428867</identifier><datestamp>2025-03-27T03:37:23Z</datestamp><setSpec>com_2072_98</setSpec><setSpec>col_2072_378192</setSpec></header><metadata><record xmlns="http://www.loc.gov/MARC21/slim" xmlns:dcterms="http://purl.org/dc/terms/" xmlns:xsi="http://www.w3.org/2001/XMLSchema-instance" xmlns:doc="http://www.lyncode.com/xoai" xsi:schemaLocation="http://www.loc.gov/MARC21/slim http://www.loc.gov/standards/marcxml/schema/MARC21slim.xsd">
   <leader>00925njm 22002777a 4500</leader>
   <datafield ind2=" " ind1=" " tag="042">
      <subfield code="a">dc</subfield>
   </datafield>
   <datafield ind2=" " ind1=" " tag="720">
      <subfield code="a">Lull, Vicente</subfield>
      <subfield code="e">author</subfield>
   </datafield>
   <datafield ind2=" " ind1=" " tag="720">
      <subfield code="a">Micó Pérez, Rafael</subfield>
      <subfield code="e">author</subfield>
   </datafield>
   <datafield ind2=" " ind1=" " tag="720">
      <subfield code="a">Rihuete Herrada, Cristina</subfield>
      <subfield code="e">author</subfield>
   </datafield>
   <datafield ind2=" " ind1=" " tag="720">
      <subfield code="a">Risch, Robert</subfield>
      <subfield code="e">author</subfield>
   </datafield>
   <datafield ind2=" " ind1=" " tag="260">
      <subfield code="c">2016</subfield>
   </datafield>
   <datafield ind2=" " ind1=" " tag="520">
      <subfield code="a">The detailed, rich and diverse Argaric funerary record offers an opportunity to explore social dimensions that usually remain elusive for prehistoric research, such us social rules on kinship rights and obligations, sexual tolerance and the role of funerary practices in preserving the economic and political organization. This paper addresses these topics through an analysis of the social meaning of Argaric double tombs by looking at body treatment and composition of grave goods assemblages according to gender and class affiliation. The Argaric seems to have been a conservative society, scarcely tolerant regarding homosexuality, and willing to celebrate ancestry associated to certain places as a means of asserting residence and property rights.</subfield>
   </datafield>
   <datafield ind2=" " ind1=" " tag="520">
      <subfield code="a">La variedad, abundancia y detalle del registro funerario argárico permite explorar aspectos por lo general vedados a la investigación de las sociedades prehistóricas. Las normas sociales sobre la distribución de obligaciones y derechos según el parentesco, la permisividad respecto a las relaciones sexuales y el papel de las prácticas funerarias en el mantenimiento de la organización económico-política son algunos de dichos aspectos. En este artículo se propone un acercamiento a los mismos mediante un análisis del significado social de las tumbas dobles argáricas, la composición de los ajuares según el sexo y la clase social del individuo inhumado, así como el tratamiento y disposición de los cadáveres. Las conclusiones dibujan una sociedad conservadora, poco tolerante respecto la homosexualidad y que celebra positivamente los vínculos genealógicos asociados a ciertos espacios, afirmando así derechos de permanencia y propiedad.</subfield>
   </datafield>
   <datafield tag="653" ind2=" " ind1=" ">
      <subfield code="a">Burial</subfield>
   </datafield>
   <datafield tag="653" ind2=" " ind1=" ">
      <subfield code="a">El Argar</subfield>
   </datafield>
   <datafield tag="653" ind2=" " ind1=" ">
      <subfield code="a">Double Tombs</subfield>
   </datafield>
   <datafield tag="653" ind2=" " ind1=" ">
      <subfield code="a">Social Organization</subfield>
   </datafield>
   <datafield tag="653" ind2=" " ind1=" ">
      <subfield code="a">Enterramientos</subfield>
   </datafield>
   <datafield tag="653" ind2=" " ind1=" ">
      <subfield code="a">Tumbas dobles</subfield>
   </datafield>
   <datafield tag="653" ind2=" " ind1=" ">
      <subfield code="a">Organización social</subfield>
   </datafield>
   <datafield ind2="0" ind1="0" tag="245">
      <subfield code="a">Argaric Sociology : Sex and Death</subfield>
   </datafield>
</record></metadata></record></GetRecord></OAI-PMH>